000 01103nam a22003497a 4500
001 BR8803513
003 BR-BrBNA
005 20230928092931.0
007 ta
008 230509b bl.||||| |||| 00| 0 por d
040 _aBR-BrBNA
_bpor
_cBiblioteca Nacional de Agricultura
041 _a(Por)
072 _aF01; H20; F30
_b1700
_b/G514
090 _ 1700 BR8803513
110 1 _aSociedade de Olericultura do Brasil, Manaus, AM (Brasil)
_99878
111 1 _a1. Encontro de Hortalicas da Regiao Norte
_cManaus, AM (Brazil)
_d13-16 Oct 1987
245 1 _a1. Encontro de hortalicas da regiao norte. Resumos dos trabalhos
246 1 _a[1st. Conference on Vegetables of the North Region; Summary of the Works]
260 3 _aManaus, AM (Brasil):
_c1987.
300 _a105 p.
500 _aSummary only
650 _aHORTALICA
650 _aPRODUCAO VEGETAL
650 _aLINHAGEM
650 _aPROGENIE
650 _aCOMPETICAO DE VARIEDADE
650 _aPRAGA DE PLANTA
650 _aDOENCA DE PLANTA
650 _aREGIAO NORTE
909 _a202309
_bLucia
_c55
_dLucia Elande
942 _cBK
999 _c42065
_d42065